• 首页
  • 本馆介绍
  • 公告通知
  • 最新文献
  • 馆藏检索
  • 电子资源
  • 读者导购
  • 参考咨询
  • 我的图书馆
  • 登录
  • 详细信息显示
  • 放入我的书架
  • 预约/预借图书
  • 作者相关作品
  • 分类相关作品
  • 丛书相关作品
  • 出版社相关作品

书目信息

  • 表格格式
  • 工作单格式
  • 卡片格式
题名:
日语达人秀
    
 
作者: 贺静彬 , 夏丽莉 主编
分册:   商务口语
出版信息: 大连   大连出版社  2013
页数: 276页
开本: 24cm
丛书名:
单 册:
中图分类: H369.9
科图分类:
主题词: 商务--shang wu--日语--口语
电子资源:
ISBN: 978-7-5505-0374-8
000 01063nam 2200265 450
001 2357811290
005 20231218141059.08
010    @a978-7-5505-0374-8@dCNY38.00
010    @a978-7-88353-597-3@b光盘
100    @a20121017d2013 em y0chiy50 ea
101 0  @achi@ajpn
102    @aCN@b210000
105    @aak z 000yy
200 1  @a日语达人秀@Ari yu da ren xiu@i商务口语@f主编贺静彬, 夏丽莉
210    @a大连@c大连出版社@d2013
215    @a276页@c图@d24cm
300    @a商务口语
330    @a本书内容主要围绕着长年在日本工作的中国人与初到日本公司工作的中国人展开, 前者可谓是日本留学“达人”, 后者则有很多需要学习, 书中课文就是按照在日本公司工作必须经历的场景编写而成, 每课都包含若干对话, 直观地将在日本公司工作需要掌握的口语对话表现出来, 并配有相关语法和单词的解释, 对话地道而又有针对性, 涵盖面特别广。
517 1  @a商务口语@Ashang wu kou yu
606 0  @a商务@Ashang wu@x日语@x口语
690    @aH369.9@v5
701  0 @a贺静彬@Ahe jing bin@4主编
701  0 @a夏丽莉@Axia li li@4主编
801  0 @aCN@b湖北三新@c20121222
905    @aZUCC@dH369.9@e11:4
    
    日语达人秀.商务口语/主编贺静彬, 夏丽莉.-大连:大连出版社,2013
    276页:图;24cm
    商务口语
    
    ISBN 978-7-5505-0374-8:CNY38.00
    本书内容主要围绕着长年在日本工作的中国人与初到日本公司工作的中国人展开, 前者可谓是日本留学“达人”, 后者则有很多需要学习, 书中课文就是按照在日本公司工作必须经历的场景编写而成, 每课都包含若干对话, 直观地将在日本公司工作需要掌握的口语对话表现出来, 并配有相关语法和单词的解释, 对话地道而又有针对性, 涵盖面特别广。
●
相关链接 在五车中查询图书 在当当中查询图书 在豆瓣中查询图书


正题名:日语达人秀     索取号:H369.9/11:4         预约/预借

序号 登录号 条形码 馆藏地/架位号 状态 备注
1 2001285696   2001285696   三新/湖北三新(第三批)/851/ [索取号:H369.9/11:4] 在馆    
2 2001285697   2001285697   三新/湖北三新(第三批)/851/ [索取号:H369.9/11:4] 在馆    
3 2001285698   2001285698   三新/湖北三新(第三批)/851/ [索取号:H369.9/11:4] 在馆    
4 2001285699   2001285699   三新/湖北三新(第三批)/851/ [索取号:H369.9/11:4] 在馆    
5 2001285700   2001285700   三新/湖北三新(第三批)/851/ [索取号:H369.9/11:4] 在馆    
6 2001285701   2001285701   三新/湖北三新(第三批)/851/ [索取号:H369.9/11:4] 在馆    
7 2001285702   2001285702   三新/湖北三新(第三批)/851/ [索取号:H369.9/11:4] 在馆    
8 2001285703   2001285703   三新/湖北三新(第三批)/851/ [索取号:H369.9/11:4] 在馆    
9 2001285704   2001285704   三新/湖北三新(第三批)/851/ [索取号:H369.9/11:4] 在馆    
10 2001285705   2001285705   三新/湖北三新(第三批)/851/ [索取号:H369.9/11:4] 在馆    
11 2001285706   2001285706   三新/湖北三新(第三批)/851/ [索取号:H369.9/11:4] 在馆    
12 2001285707   2001285707   三新/湖北三新(第三批)/851/ [索取号:H369.9/11:4] 在馆    
13 2001285708   2001285708   三新/湖北三新(第三批)/851/ [索取号:H369.9/11:4] 在馆    
14 2001285709   2001285709   三新/湖北三新(第三批)/851/ [索取号:H369.9/11:4] 在馆    
15 2001285710   2001285710   三新/湖北三新(第三批)/851/ [索取号:H369.9/11:4] 在馆    
16 2001285711   2001285711   三新/湖北三新(第三批)/851/ [索取号:H369.9/11:4] 在馆    
17 2001285712   2001285712   三新/湖北三新(第三批)/851/ [索取号:H369.9/11:4] 在馆    
18 2001285713   2001285713   三新/湖北三新(第三批)/851/ [索取号:H369.9/11:4] 在馆    
19 2001285714   2001285714   三新/湖北三新(第三批)/851/ [索取号:H369.9/11:4] 在馆    
20 2001285715   2001285715   三新/湖北三新(第三批)/851/ [索取号:H369.9/11:4] 在馆    
21 2001285716   2001285716   三新/湖北三新(第三批)/852/ [索取号:H369.9/11:4] 在馆    
22 2001285717   2001285717   三新/湖北三新(第三批)/852/ [索取号:H369.9/11:4] 在馆    
23 2001285718   2001285718   三新/湖北三新(第三批)/852/ [索取号:H369.9/11:4] 在馆    
24 2001285719   2001285719   三新/湖北三新(第三批)/852/ [索取号:H369.9/11:4] 在馆    
25 2001285720   2001285720   三新/湖北三新(第三批)/852/ [索取号:H369.9/11:4] 在馆    
26 2001285721   2001285721   三新/湖北三新(第三批)/852/ [索取号:H369.9/11:4] 在馆    
27 2001285722   2001285722   三新/湖北三新(第三批)/852/ [索取号:H369.9/11:4] 在馆    
28 2001285723   2001285723   三新/湖北三新(第三批)/852/ [索取号:H369.9/11:4] 在馆    
29 2001285724   2001285724   三新/湖北三新(第三批)/852/ [索取号:H369.9/11:4] 在馆    
30 2001285725   2001285725   三新/湖北三新(第三批)/852/ [索取号:H369.9/11:4] 在馆    
山东省滨州职业学院图书馆 欢迎您!
大连网信软件有限公司© 版权所有